000 00558nam a2200229Ia 4500
003 OSt
005 20221005121154.0
006 a|||||r|||| 00| 0
007 ta
008 221004b |||||||| |||| 00| 0 eng d
024 _a109915
037 _cTextual
040 _aCRL
_cCRL
_beng
041 _2eng
_aeng
082 _aV3.M63, J7
100 _aBand Zweiter
_9630202
245 0 _aGoethes werke
_b In zwei banden
260 _c1957
650 _aHISTORY
942 _hV3.M63, J7
_cTEXL
_2cc
999 _c1040354
_d1040354